Neti, neti : (Record no. 4890)

MARC details
000 -LEADER
fixed length control field 00739cam a2200217 4500
001 - CONTROL NUMBER
control field 5794
005 - DATE AND TIME OF LATEST TRANSACTION
control field 20181127180252.0
008 - FIXED-LENGTH DATA ELEMENTS--GENERAL INFORMATION
fixed length control field 091013s2009 ii 000 f eng d
010 ## - LIBRARY OF CONGRESS CONTROL NUMBER
LC control number 2009305475
020 ## - INTERNATIONAL STANDARD BOOK NUMBER
International Standard Book Number 9788186939512 (pbk.)
100 1# - MAIN ENTRY--PERSONAL NAME
Personal name Hasan, Anjum.
245 10 - TITLE STATEMENT
Title Neti, neti :
Remainder of title Not this, not this /
Statement of responsibility, etc. a novel by Anjum Hasan.
246 31 - VARYING FORM OF TITLE
Title proper/short title Not this, not this
260 ## - PUBLICATION, DISTRIBUTION, ETC.
Place of publication, distribution, etc. New Delhi :
Name of publisher, distributor, etc. IndiaInk :
-- Roli Books,
Date of publication, distribution, etc. c2009, 2016.
300 ## - PHYSICAL DESCRIPTION
Extent 287 p. ;
Dimensions 23 cm.
500 ## - GENERAL NOTE
General note ""Longlisted for the Man Asian Literary Prize, 2008""--Cover.
520 ## - SUMMARY, ETC.
Summary, etc. Novel based on young women's critical situation in big cities.
650 #0 - SUBJECT ADDED ENTRY--TOPICAL TERM
Topical term or geographic name entry element City and town life
Form subdivision Fiction.
Topical term or geographic name entry element Young women
Form subdivision Fiction.
655 #0 - INDEX TERM--GENRE/FORM
Genre/form data or focus term Indic fiction (English)
Holdings
Withdrawn status Lost status Source of classification or shelving scheme Damaged status Not for loan Collection code Home library Current library Shelving location Date acquired Serial Enumeration / chronology Inventory number Full call number Barcode Date last seen Price effective from Koha item type
    Dewey Decimal Classification     Fiction RTC Library RTC Library Fiction 07/04/2022 9253 FIC 813.54 HAS 30009115 03/01/2022 27/11/2018 Fiction
Royal Thimphu College || All Right Reserved